Statistics for Largest Non Capital City In Every US State

Click here to take the quiz!

General Stats

  • This quiz has been taken 47 times
  • The average score is 31 of 50

Answers on the Map

Answers color-coded by a green-red scale on the quiz's map according to % correct below.
 

Answer Stats

Answer% Correct
Seattle
94%
Los Angeles
92%
Houston
89%
Albuquerque
83%
Jacksonville
83%
New York City
83%
Anchorage
81%
Memphis
81%
New Orleans
81%
Philadelphia
81%
Tucson
78%
Baltimore
72%
East Honolulu
72%
Minneapolis
72%
Chicago
69%
Detroit
69%
Huntsville
69%
Las Vegas
69%
Louisville
69%
Virginia Beach
69%
Fort Wayne
67%
Milwaukee
67%
Newark
67%
Cleveland
64%
Fargo
64%
Sioux Falls
61%
Billings
58%
Bridgeport
58%
Charlotte
58%
Portland
58%
Colorado Springs
56%
Portland
56%
Tulsa
56%
Omaha
53%
Charleston
50%
Kansas City
50%
Worcester
50%
Casper
47%
Gulfport
47%
Wichita
47%
Brlington
44%
Manchester
44%
Wilmington
42%
Cedar Rapids
39%
Columbus
36%
Fayetteville
36%
Meridian
33%
Cranston
31%
Huntington
31%
West Valley City
25%

Score Distribution

Percentile by Number Answered

Percent of People with Each Score

Your Score History

You have not taken this quiz